Standards of prenatal care; (Record no. 36303)
[ view plain ]
| 000 -LEADER | |
|---|---|
| fixed length control field | 01149cam a22002771 4500 |
| 001 - CONTROL NUMBER | |
| control field | l 39000105 |
| 003 - CONTROL NUMBER IDENTIFIER | |
| control field | DLC |
| 005 - DATE AND TIME OF LATEST TRANSACTION | |
| control field | 20260227111537.0 |
| 008 - FIXED-LENGTH DATA ELEMENTS--GENERAL INFORMATION | |
| fixed length control field | 820626s1939 xx a 000 0 eng |
| 010 ## - LIBRARY OF CONGRESS CONTROL NUMBER | |
| LC control number | l 39000105 |
| 035 ## - SYSTEM CONTROL NUMBER | |
| System control number | (OCoLC)14728857 |
| 040 ## - CATALOGING SOURCE | |
| Original cataloging agency | DLC |
| Transcribing agency | DNLM |
| Modifying agency | OCoLC |
| -- | DLC |
| 042 ## - AUTHENTICATION CODE | |
| Authentication code | premarc |
| 050 00 - LIBRARY OF CONGRESS CALL NUMBER | |
| Classification number | RG563 |
| Item number | .U65 1939 |
| 060 0# - NATIONAL LIBRARY OF MEDICINE CALL NUMBER | |
| Classification number | W1 |
| Item number | UN6181 no.153 1939 |
| 110 1# - MAIN ENTRY--CORPORATE NAME | |
| Corporate name or jurisdiction name as entry element | United States. |
| Subordinate unit | Children's Bureau. |
| 245 10 - TITLE STATEMENT | |
| Title | Standards of prenatal care; |
| Remainder of title | an outline for the use of physicians ... |
| 260 ## - PUBLICATION, DISTRIBUTION, ETC. | |
| Place of publication, distribution, etc. | Washington, |
| Name of publisher, distributor, etc. | U.S. Govt. print. off., |
| Date of publication, distribution, etc. | 1939. |
| 300 ## - PHYSICAL DESCRIPTION | |
| Extent | ii, 5 p. |
| Other physical details | ill. |
| 490 1# - SERIES STATEMENT | |
| Series statement | Bureau publication |
| Volume/sequential designation | no. 153 [rev. 1939] |
| 500 ## - GENERAL NOTE | |
| General note | At head of title: United States Department of labor. Frances Perkins, secretary. Children's bureau. Katharine F. Lenroot, chief. |
| 500 ## - GENERAL NOTE | |
| General note | "First published in 1925 ... The revision was made by Edwin Daily, M. D. ... with the assistance of the Bureau's advisory committee of obstetricians." - Letter of transmittal. |
| 700 1# - ADDED ENTRY--PERSONAL NAME | |
| Personal name | Daily, Edwin Francis, |
| Dates associated with a name | 1904- |
| 740 0# - ADDED ENTRY--UNCONTROLLED RELATED/ANALYTICAL TITLE | |
| Uncontrolled related/analytical title | Prenatal care |
| 810 1# - SERIES ADDED ENTRY--CORPORATE NAME | |
| Corporate name or jurisdiction name as entry element | United States. |
| Subordinate unit | Children's Bureau. |
| Title of a work | Publication ; |
| Volume/sequential designation | no. 153. |
No items available.